000 00412nam a2200181Ia 4500
005 20240823045835.0
008 240823s9999||||xx |||||||||||||| ||und||
041 _aENGLISH
082 _A620.11 P9
100 _aJohn Martin
245 0 _aMaterials for Engineering
250 _a3rd
260 _c2009
_bCRC Taylor&Fr
500 _aYES
650 _aMaterials
_bMechanical
942 _cBK
999 _c215884
_d215884